000 00629nam a2200241Ia 4500
003 OSt
005 20220928103154.0
006 a|||||r|||| 00| 0
007 ta
008 220927b |||||||| |||| 00| 0 eng d
024 _a33595
037 _cTextual
040 _aSDCL
_cSDCL
_beng
041 _2eng
_aeng
082 _aR5, P3
100 _aGhosh Ranjan K
_9391559
245 0 _aMaking sense of art.
260 _aNew Delhi
_bImage India Publications
_c2003
300 _a202p.
_ccm.
650 _aAesthetics-Philosophy
_9402740
942 _hR5, P3
_cTEXL
_2CC
999 _c718561
_d718561